<?xml version="1.0" encoding="UTF-8"?>
<collection xmlns="http://www.loc.gov/MARC21/slim">
  <record>
    <leader>00000nam  2200000   4500</leader>
    <controlfield tag="001">000339</controlfield>
    <controlfield tag="005">20250711023334</controlfield>
    <datafield tag="035" ind1="#" ind2="#">
      <subfield code="a">0010-0725000194</subfield>
    </datafield>
    <controlfield tag="007">ta</controlfield>
    <controlfield tag="008">250711################a##########0#ind##</controlfield>
    <datafield tag="020" ind1="#" ind2="#">
      <subfield code="a">978-623-307-770-5</subfield>
    </datafield>
    <datafield tag="082" ind1="#" ind2="#">
      <subfield code="a">398.209 598</subfield>
    </datafield>
    <datafield tag="100" ind1=" " ind2="#">
      <subfield code="a">Boreyrachana,Hor</subfield>
    </datafield>
    <datafield tag="245" ind1="1" ind2="#">
      <subfield code="a">Waluh Berkulit Benjol /</subfield>
      <subfield code="c">Hor Boreyrachana</subfield>
    </datafield>
    <datafield tag="250" ind1="#" ind2="#">
      <subfield code="a">pertama</subfield>
    </datafield>
    <datafield tag="260" ind1="#" ind2="#">
      <subfield code="a">Jakarta :</subfield>
      <subfield code="b">Badan Pengembangan dan Pembinaan Bahasa,</subfield>
      <subfield code="c">2022</subfield>
    </datafield>
    <datafield tag="300" ind1="#" ind2="#">
      <subfield code="a">20hlm. :</subfield>
      <subfield code="b">ilus. ;</subfield>
      <subfield code="c">21,5cm</subfield>
    </datafield>
    <datafield tag="650" ind1="#" ind2="4">
      <subfield code="a">cerita anak indonesia terjemahanl</subfield>
    </datafield>
    <datafield tag="650" ind1="#" ind2="4">
      <subfield code="a">literasi bahan bacaan</subfield>
    </datafield>
    <datafield tag="700" ind1=" " ind2="#">
      <subfield code="a">Mann Malen</subfield>
    </datafield>
    <datafield tag="856" ind1="#" ind2="#">
      <subfield code="a">TBM AS-SYUHADA</subfield>
    </datafield>
    <datafield tag="084" ind1="#" ind2="#">
      <subfield code="a">398.209 598 BOR w</subfield>
    </datafield>
    <datafield tag="990" ind1="#" ind2="#">
      <subfield code="a">TBM202400048</subfield>
    </datafield>
    <datafield tag="990" ind1="#" ind2="#">
      <subfield code="a">TBM202400190</subfield>
    </datafield>
  </record>
</collection>
